[Event "FRA-ch"]
[Site "Narbonne"]
[Date "1997.08.26"]
[Round "11"]
[White "Hauchard, Arnaud"]
[Black "Leski, Marc"]
[Result "1-0"]
[WhiteElo "2485"]
[BlackElo "2435"]
[Annotator "Yudasin,L"]
[PlyCount "47"]
[EventDate "1997.08.15"]
[EventType "tourn"]
[EventRounds "15"]
[EventCountry "FRA"]
[EventCategory "9"]
[SourceTitle "CBM 061"]
[Source "ChessBase"]
[SourceDate "1997.11.23"]
[SourceVersion "1"]
[SourceVersionDate "1997.11.23"]
[SourceQuality "1"]

1. e4 d6 2. d4 Nf6 3. Nc3 g6 4. Be3 c6 5. Qd2 b5 6. Bd3 e5 7. Nf3 Nbd7 8. O-O (
8. dxe5 {Nunn,J N} dxe5 (8... Nxe5 9. Nxe5 dxe5 10. h3 a6 (10... Bb7 $2 11.
Nxb5 cxb5 12. Bxb5+ Nd7 13. O-O-O Bc8 14. Qd5 $18) (10... Bg7 11. a4 $16) 11.
Bh6 $5 (11. a4 $14)) 9. h3 $1 $14 Bg7 (9... a6 10. Bh6 Bxh6 11. Qxh6 Nh5 12.
O-O Qf6 {/\ Qf4} (12... Nf4 13. Nxe5 $16) 13. a4 b4 (13... Bb7 14. axb5 axb5
15. Rxa8+ Bxa8 16. Ra1 $16 Ke7 $6 17. Bxb5 $1 cxb5 18. Rxa8 $18) 14. Ne2 Qg7 (
14... Nf4 15. Nxf4 Qxf4 16. Qg7 $16) 15. Qd2 $14) (9... Bb7 10. a4 a6 11. O-O
Bg7 12. Ne2 {[%cal Ge2g3,Yc2c4]} O-O 13. Ng3 Qe7 $146 14. c4 b4 15. c5 $1 $14 {
Marciano,D-Leski,M/FRA-ch 1997/1-0 (33) /+/- ()}) 10. a4 b4 11. Ne2 a5 12. c3
c5 (12... bxc3 13. Qxc3 {/\ Nd2-c4+/-}) (12... Rb8 13. Rc1 {><c6}) 13. cxb4
cxb4 14. O-O O-O 15. Rfd1 $16 {Nunn,J-Gelfand,B/Munchen 1991/1-0 (34)}) 8... a6
(8... Bb7 9. Rfe1 (9. dxe5 dxe5 10. a4) 9... Bg7 10. Bh6 (10. dxe5 dxe5 11. h3
(11. a4 b4 12. Ne2 c5 {[%cal Gf6g4]})) 10... O-O 11. a4 $6 (11. Bxg7 Kxg7 12.
dxe5 dxe5 13. a4) 11... exd4 12. Nxd4 b4 13. Nd1 c5 14. Bxg7 Kxg7 15. Nf3 Re8
$15 {[%csl Rd1,Re4] Zapata,A-Hansen,C/Erevan olm 1996/EXT 96ch2/0-1 (52)}) 9.
a4 $146 (9. h3 Bg7 10. a4 Bb7 11. axb5 (11. dxe5 $5 dxe5 12. Ne2 {[%cal Ge2g3,
Gc2c4]}) 11... cxb5 12. d5 O-O 13. Nh2 Qc7 14. Ng4 $14 {Sherzer,A-Lechtynsky,J/
Brno-B 1993/CBM 38/1-0 (26)}) 9... Bb7 10. dxe5 dxe5 11. Rad1 $6 (11. h3 {
[%cal Gc3e2] -was more useful move in this position.The best place for R in
this kind of positions is on-a1}) 11... Bb4 $2 (11... Bg7 $142 12. h3 O-O) (
11... b4 $6 12. Ne2 c5 13. Ng3 Bg7 (13... Ng4 $2 14. Bc4 $18) 14. Bh6 (14. c3
$14) 14... O-O 15. Bxg7 Kxg7 16. Qg5 Qc7 17. Bc4 $36) 12. Bh6 $16 {[%csl Re8]}
Qe7 $2 (12... Ng4 13. Bg5 f6 (13... Qc7 $2 14. axb5 {[%cal Gc3b5]}) (13... Qc8
14. h3) 14. Bh4 {[%cal Gh2h3]}) 13. Qe2 Ng4 (13... Bxc3 14. bxc3 Ng4 15. Bg5
$16 {[%csl Rg4][%cal Gh2h3] black can't finish development} Qe6 $142 16. Bc1 {
[%cal Gf3g5]}) 14. Bg5 f6 15. Bd2 Nf8 $4 {[%csl Re8,Rg4]} (15... h5 $142 16.
axb5 (16. Nh4 Kf7 17. h3 Nh6 18. f4) 16... axb5 17. Nxb5 $1 cxb5 18. Bxb5 $16 {
[%csl Rd7]}) 16. axb5 (16. h3 $18) 16... axb5 17. Nxb5 Bxd2 18. Nxd2 {[%cal
Ye2g4]} h5 {[%tqu "En","white can stay with pawn up and winning position by
moving knight -b5.But can white get more?","","","d2c4","",10]} 19. Nc4 $1 cxb5
20. Nd6+ Kd8 21. Bxb5 Kc7 22. Qc4+ Kb8 23. Nxb7 Kxb7 24. Qc6+ (24. Qc6+ Kb8 25.
Qb6+ (25. Rd3 {[%cal Rc6b6,Rd3b3]}) 25... Kc8 26. Ba6+) (24. Bc6+ Kb8 25. Qb5+)
1-0

[Event "Chebanenco Memorial 1st"]
[Site "Kishinev"]
[Date "1998.02.16"]
[Round "8"]
[White "Fedorov, Alexei"]
[Black "Iordachescu, Viorel"]
[Result "1/2-1/2"]
[WhiteElo "2595"]
[BlackElo "2520"]
[Annotator "Yudasin,L"]
[PlyCount "84"]
[EventDate "1998.02.09"]
[EventType "tourn"]
[EventRounds "9"]
[EventCountry "MDA"]
[EventCategory "12"]
[SourceTitle "CBM 064"]
[Source "ChessBase"]
[SourceDate "1998.06.02"]
[SourceVersion "1"]
[SourceVersionDate "1998.06.02"]
[SourceQuality "1"]

1. e4 g6 2. d4 Bg7 3. c3 d6 4. Nf3 Nf6 5. Bd3 O-O 6. O-O Nbd7 7. Re1 e5 8. Bg5
h6 9. Bh4 {In this little-known position Black tried five(!) different moves.}
b6 {Other possibilities are:9...Qe8,9..g5,9...Re8 and 9...c6} (9... Qe8 10.
Nbd2 Nh5 11. dxe5 dxe5 12. Bf1 Nf4 13. Nc4 Nb6 14. Qc2 Qe6 15. Ne3 Bd7 16. b3
Kh8 17. Rad1 Bc6 18. Nd2 f5 19. f3 Rae8 20. c4 fxe4 21. Nxe4 Nd7 22. b4 Qf7 23.
c5 g5 24. Bg3 a6 25. a4 Qe7 26. Nc3 Nf6 27. Nf5 Qf7 28. Nxg7 Kxg7 29. Bd3 Re7
30. b5 axb5 31. axb5 Bd7 32. Ne4 Nxe4 33. fxe4 h5 34. Bc4 Qe8 35. Qb2 h4 36.
Bf2 Bg4 37. Rd2 Qh5 38. b6 Nxg2 39. Ra1 Nf4 40. Bf1 {0-1 Summerscale,
A-Gavrikov,V/Nimes op 1991}) (9... g5 10. Bg3 Nh5 11. dxe5 dxe5 12. Na3 Nf4 13.
Bc2 Nb6 14. Bxf4 gxf4 15. Qe2 Bg4 16. Rad1 Qe7 17. h3 Bd7 18. Kh2 Rad8 19. Bb3
a6 20. g3 Na4 21. Nh4 Kh8 22. Rxd7 Qxd7 23. Nf5 fxg3+ 24. fxg3 Nc5 25. Rd1 Qc6
26. Qg4 Qg6 27. Rxd8 Rxd8 {0-1 Fritz,R-Beim,V/Schwaebisch Gmuend op 1995}) (
9... c6 10. a4 Re8 11. Nbd2 Qc7 12. a5 Nf8 13. Nc4 Nh5 14. dxe5 dxe5 15. Bf1
Bg4 16. Qd6 Rac8 17. Nfd2 $14 {Aseev,K-Chernyshov,K/RUS-chT 1992/1-0 (44)}) (
9... Re8 10. Nbd2 a6 11. Qc2 g5 12. Bg3 Nh5 13. dxe5 dxe5 14. Nc4 Nf4 15. Bf1
Nf8 16. Ne3 $14 {[%csl Rf5] 1/2-1/2 Rausis,I-Petran,P/Cappelle op 1993 (42)})
10. Nbd2 (10. Bb5 $5 Re8 (10... Bb7 $140 $6 11. Bxd7 Qxd7 12. Bxf6 Bxf6 13.
dxe5 {[%cal Gd1d7]}) 11. Bc6 Rb8 12. Na3 Bb7 13. Bxf6 Bxf6 14. Qa4 Bxc6 15.
Qxc6 a6 16. Rad1 Qc8 17. Nc4 b5 18. Ne3 Rb6 19. Qd5 Bg7 20. Qb3 exd4 21. Nd5
Rb7 22. cxd4 c5 $132 {[%cal Gg7d4] 0-1 Sulava,N-Gadjilu,R/Anibal Open, Linares
ESP 1998 (40)}) 10... Bb7 11. a4 (11. Qc2 Qe8 (11... Re8 12. Rad1 Qe7 13. b4 a5
14. a3 Qf8 15. Bb5 c6 16. Bf1 exd4 17. cxd4 axb4 18. axb4 d5 19. e5 Nh5 20. e6
fxe6 21. Qxg6 Nf4 22. Qg3 $13 {1/2-1/2 Norwood,D-Maiwald,J/BL9394 1994 (50)}) (
11... c6 12. a4 a6 13. b4 Rc8 14. Nc4 Qc7 15. dxe5 dxe5 16. a5 b5 17. Nb6 Nxb6
18. axb6 Qxb6 19. Nxe5 g5 20. Bg3 c5 21. Qe2 cxb4 22. cxb4 Qd4 23. Rab1 Rc3 $17
{0-1 Detter,P-Stuhlik,M/AUT-ch 1996 (33)}) 12. a4 a6 13. dxe5 dxe5 14. b4 Nh5
15. a5 Nf4 16. Bf1 f5 17. axb6 cxb6 18. Bg3 Nh5 19. exf5 gxf5 20. Nh4 e4 21.
Nc4 Nxg3 22. hxg3 Qe6 23. Rad1 Bd5 24. Ne3 Bb3 25. Qb1 Ne5 26. Rd6 $1 Qxd6 27.
Qxb3+ Kh8 28. Nexf5 Qd7 29. Nxg7 Qxg7 30. Rxe4 Rae8 31. Qd1 b5 32. Qe1 Kg8 33.
c4 bxc4 34. Bxc4+ Kh7 35. Qb1 Nxc4 36. Rg4+ {1-0 Rausis,I-Van Wely,L/Hyeres op
1992}) 11... a6 12. b4 $146 (12. Qc2 Re8 13. Rad1 Qe7 14. h3 Qf8 15. Bg3 Rac8
16. Qb3 Rb8 17. Qa3 Rbd8 18. Qb3 Rb8 19. Qa3 Rbd8 {1/2-1/2 Hug,W-Mohr,S/
SUI-chT 1996}) 12... Qe8 {[%cal Gf6h5]} 13. Qc2 (13. a5 $5 b5 14. d5 {[%csl
Ra6][%cal Gc3c4] /\c4}) 13... Nh5 {[%csl Rd4][%cal Gg6g4]} 14. Bg3 $6 (14. Rad1
$142 $5 g5 15. Bg3 {[%csl Rf5][%cal Gd2c4,Gc4e3,Yd2f1,Yf1e3]}) 14... Nxg3 15.
hxg3 Qd8 16. Rad1 Re8 17. d5 $1 {White transfer the game to the queenside
right in time as Black is not ready to play f5 and his rook is bad-situated on
e8.} Rf8 18. Nc4 {[%cal Ga4a5,Gc4e3,Gc3c4]} Nf6 19. Ne3 h5 20. Ra1 {[%cal
Ga4a5]} Qd7 21. c4 c6 (21... a5 $6 22. c5 $1) 22. dxc6 {[%csl Rd6]} Qxc6 23. a5
{[%csl Ra6]} Rfc8 (23... b5 24. cxb5 axb5 (24... Qxc2 25. Nxc2 axb5 26. Na3 {
[%csl Rb5]} d5 $1 27. Nd2 $1 {[%csl Rb5]}) 25. Qxc6 Bxc6 26. Nc2 {[%csl Rb5]
[%cal Gc2a3,Ga1c1,Gf3d2]}) (23... Nxe4 $4 24. Nd5 {[%csl Re4][%cal Rd5e7]}) 24.
axb6 (24. Nd5 $6 Nxd5 25. exd5 Qc7 {[%csl Rc4][%cal Ge5e4]}) (24. Nd2 $5) 24...
Qxb6 {[%csl Rb4,Rc4]} 25. Rab1 {[%cal Gc4c5,Rb1b7]} (25. Reb1 d5 $5) 25... Qa7
(25... Rab8 $5) 26. c5 $6 {[%csl Re5] Not as good as intresting.} (26. Nd2 $5)
26... dxc5 (26... Nd7 $6 27. Qa2 $1 {[%csl Rf7][%cal Gf3g5,Gd3c4,Ga2f7]}) 27.
bxc5 Rc7 $6 (27... Rxc5 $4 28. Rxb7 $1 Rxc2 (28... Qxb7 29. Qxc5) 29. Rxa7 $18)
(27... Nd7 $1 28. Ng5 $5 {[%csl Rf7]} Nxc5 29. Bc4 Rc7 {[%cal Ga8f8,Ga8c8]} 30.
Nxf7 $140 $2 Rxf7 31. Rxb7 Nxb7 (31... Qxb7 32. Bxf7+ Qxf7 33. Qxc5 $13) 32.
Bxf7+ Kxf7 33. Qc4+ (33. Qc7+ Kg8) 33... Kf8 34. Qe6 Qb8 $1 35. Qxg6 (35. Rb1
Qd6) 35... Qe8 36. Qb6 Nd8 $19) 28. Nxe5 Re8 (28... Rxc5 $4 29. Rxb7 $18) (
28... Qxc5 $2 29. Qxc5 Rxc5 30. Rxb7 Rxe5 31. f4 Rc5 32. e5 $14) (28... Rac8
29. Qc4 $1 Bxe4 30. Bxe4 (30. Nxf7 $4 Bxd3 31. Nh6+ Kh7 $19) 30... Rxc5 31.
Bxg6 $3 Rxc4 32. Bxf7+ Qxf7 $1 33. Nxf7 Kxf7 34. Nxc4 Rxc4 35. Rb7+ $11 (35.
Ra1 Rc6 36. Ra5 {[%csl Ra6][%cal Ge1a1]} Rd6 $1 37. Rea1 $140 Ne4)) 29. c6 $3 {
[%cal Rb1b7] /\R:b7} Ba8 $1 (29... Rxe5 $4 30. cxb7 Rxc2 (30... Rxb7 31. Qc8+ {
[%cal Rc8g8,Rc8b7]}) (30... Qb8 31. Qxc7) 31. b8=Q+) (29... Bc8 $143 30. Nf3 (
30. N3c4 $6 Qc5) 30... Re6 31. Rec1 $1 (31. Bc4 $5) 31... Ng4 $5 (31... Rexc6
32. Qxc6 Rxc6 33. Rxc6 Qd7 34. Ne5 $16) 32. Nxg4 hxg4 33. Nh2 (33. Ng5 Re5 {
[%csl Rg5]}) 33... Qd4 {[%csl Rd3][%cal Re6c6]} (33... Rexc6 $5 34. Qxc6 Rxc6
35. Rxc6 Qd7 36. Rc5 Qxd3 37. Rxc8+ Kh7 $13) 34. Rb8 Kh7 $13) 30. N3c4 Bxc6 (
30... Re6 $5 {[%csl Rd6][%cal Ge6c6]}) 31. Nxf7 $3 Rxf7 32. Nd6 {[%cal Rd6e8,
Rd6f7,Rc2c6]} Rff8 (32... Rc7 33. Qa2+ Kh7 34. Nxe8 Bxe8 35. Qxa6 Qd4 $13) 33.
Qxc6 Ng4 34. Bc4+ (34. Rb6 $6 Rb8 $1 (34... Bd4 $4 35. Qd5+) 35. Bc4+ (35. Nb7
Rxf2) (35. Reb1 Kh7 $1 36. Nb7 $1 {[%csl Ra7,Rb8][%cal Rc6g6]} Rf6 37. Qc7 Rc8
$3 38. Qxc8 Rxb6 39. Nc5 Rxb1+ 40. Bxb1 Bd4 $17 {[%csl Rg1]}) 35... Kh7 (35...
Kh8 36. Nf7+ Rxf7 37. Rxb8+ Qxb8 38. Bxf7 $18) 36. Nc8 $1 {[%cal Rc6g6,Rc8a7]}
Rxb6 (36... Rbxc8 $2 37. Qxg6+ Kh8 38. Qxh5+ Nh6 39. Rxh6+ Bxh6 40. Qxh6+ Qh7
41. Qxa6 $18) 37. Nxa7 Rxc6 38. Nxc6 Rf6 $1 $11 {[%cal Rf6f2,Rf6c6]}) 34... Kh8
$4 (34... Kh7 $142 35. Qb6 (35. Nxe8 Qxf2+ 36. Kh1 Qxg3 37. Qc7 Qh4+ 38. Kg1
Rxe8 $1 $19 {[%cal Rg7d4,Ge8e7]}) 35... Qxb6 36. Rxb6 Re7 {[%csl Rf2][%cal
Gg7d4]} (36... Bd4 37. Rb7+ Kh6 38. Nf7+ Kg7 39. Ne5+ Kh6 40. Nxg4+ hxg4 41.
Re2 Rc8 42. Rb4 $14) 37. Reb1 $1 (37. Rxa6 Bd4 $40) 37... Bd4 38. Rb7 Rxf2 39.
Kh1 Rg7 $1 $11) 35. Rf1 $4 (35. Nf7+ $1 Kh7 (35... Rxf7 36. Qxe8+ Rf8 37. Qxg6
Qxf2+ 38. Kh1 $18) 36. Rb6 $1 $18 {[%cal Rc6g6]}) 35... Rxf2 36. Qxe8+ Rf8+ 37.
Kh1 Rxe8 38. Nf7+ $11 Kh7 39. Ng5+ Kh8 40. Nf7+ Kh7 41. Ng5+ Kh6 42. Nf7+ Kh7 {
Fantastic and very fair end.} 1/2-1/2

[Event "Ciocaltea Memorial"]
[Site "Bucharest"]
[Date "1998.??.??"]
[Round "7"]
[White "Yegiazarian, Arsen"]
[Black "Badea, Bela"]
[Result "1/2-1/2"]
[WhiteElo "2455"]
[BlackElo "2545"]
[Annotator "Yudasin,L"]
[PlyCount "26"]
[EventDate "1998.02.??"]
[EventType "tourn"]
[EventRounds "13"]
[EventCountry "ROU"]
[EventCategory "11"]
[SourceTitle "CBM 064"]
[Source "ChessBase"]
[SourceDate "1998.06.02"]
[SourceVersion "1"]
[SourceVersionDate "1998.06.02"]
[SourceQuality "1"]

1. e4 g6 2. d4 Bg7 3. Nf3 d6 4. Bd3 Nf6 (4... Bg4 5. c3 e5 6. dxe5 dxe5 7. h3)
5. O-O O-O 6. Re1 Nc6 (6... Nbd7 $5) 7. c3 e5 8. h3 (8. d5 Ne7 9. c4 Ne8 10.
Nc3 f5 $13) 8... Nh5 $5 (8... Re8 9. d5 Ne7 10. c4 Nd7 11. Nc3 f5 12. exf5 gxf5
13. Ng5 $36) 9. Bf1 (9. Be3 f5 (9... Bd7 10. Nbd2 Qe8 $5) 10. exf5 gxf5 11. Ng5
(11. Nxe5 dxe5 12. Qxh5 exd4 13. cxd4 Nxd4 14. Nc3 c5 $132) 11... Qe8 $13) 9...
h6 $1 {/\QQf6,Nf4} 10. Na3 $1 a6 (10... Qf6 11. Nb5 Qe7 12. a4 a6 13. Na3 Qf6
14. Nc2) 11. Nc4 Re8 (11... Qe7 12. Ne3 Nf4 13. Nd5 (13. Kh2 exd4 (13... Bd7
14. g3 Nh5 15. Nd5 Qd8 16. Bg2 $36) 14. cxd4 Qxe4 15. Ng4 Qf5 16. Nh4 Qg5 17.
g3) 13... Nxd5 14. exd5 Nd8 15. dxe5 dxe5 16. Qb3 $36 {/\Bf4}) 12. a4 (12. dxe5
Nxe5 13. Nfxe5 dxe5 14. Qxd8 (14. a4 Qe7) 14... Rxd8 15. Be3 b6 $10) (12. d5
Ne7 13. a4 Rf8 $14) 12... exd4 13. cxd4 d5 (13... d5 14. exd5 Rxe1 15. Qxe1
Qxd5 16. Qe8+ (16. Ne3 $15) 16... Kh7 17. Nce5 Nxd4 $5 (17... Nxe5 18. dxe5 $16
(18. Nxe5 Qxd4 19. Nxf7 Qd7 $11))) 1/2-1/2

[Event "Reggio Emilia 9798 40th"]
[Site "Reggio Emilia"]
[Date "1998.01.03"]
[Round "8"]
[White "Efimov, Igor"]
[Black "Sarno, Spartaco"]
[Result "1-0"]
[WhiteElo "2540"]
[BlackElo "2400"]
[Annotator "Yudasin,L"]
[PlyCount "71"]
[EventDate "1997.12.26"]
[EventType "tourn"]
[EventRounds "11"]
[EventCountry "ITA"]
[EventCategory "10"]
[SourceTitle "CBM 063"]
[Source "ChessBase"]
[SourceDate "1998.03.26"]
[SourceVersion "1"]
[SourceVersionDate "1998.03.26"]
[SourceQuality "1"]

1. e4 d6 2. d4 Nf6 3. Nc3 g6 4. Be3 Bg7 5. Qd2 O-O (5... Ng4 6. Bg5 h6 7. Bh4
c6 8. f4 b5 $132) (5... c6) 6. f3 c6 $6 (6... e5 7. d5 c6 8. O-O-O cxd5 9. Nxd5
Nxd5 10. Qxd5 Nc6 11. Qxd6 Qa5 $146 {Yudasin-Zaitsik,SSSR,1985}) 7. O-O-O b5 8.
Bh6 Bxh6 (8... Qa5 9. Kb1 Be6 (9... b4 10. Nce2 Be6 11. Nc1 {g4,h4}) 10. Nd5
Qd8 (10... Qa6 11. Nxe7+ Kh8 12. Bxg7+ Kxg7 13. d5 $16) (10... Qxd2 11. Nxe7+
Kh8 12. Bxg7+ $4 (12. Bxd2 Re8 13. Nxc6 Nxc6 14. d5 $16) 12... Kxg7 13. Rxd2
Re8 (13... d5 14. exd5 cxd5 15. Bxb5) 14. Nxc6 Nxc6 15. d5 Bxd5 $19) 11. Nxf6+
exf6 12. d5 $16) 9. Qxh6 b4 10. Nce2 Qa5 11. Kb1 Be6 12. Nc1 $16 Rc8 (12...
Nbd7 13. g4 Kh8 14. h4 $40 {/\Nh3,h5}) 13. h4 Qd8 (13... Kh8 14. g4 c5 15. d5
Bd7 16. h5 Ng8 17. Qf4) 14. Nge2 (14. g4 Qf8 15. Qf4 Qg7 16. Nh3 $40) 14... Qf8
15. Qd2 a5 16. Nf4 Nbd7 (16... Bd7 17. e5 Nd5 18. Nxd5 cxd5 19. exd6 e6 20. h5
$40) 17. h5 Qg7 18. g4 Nf8 (18... g5 19. h6 Qf8 20. Nxe6) 19. g5 Ne8 (19...
N6d7 20. Nxe6 Nxe6 21. Bh3 $40 {/\f4,hg,f5}) 20. hxg6 hxg6 21. Rh4 $1 {/\Qh2,..
.,Rh1} c5 22. d5 Bd7 23. Bc4 $18 f6 $8 (23... a4 24. Rdh1 a3 25. Ncd3 f6 26.
Ne6 (26. Qh2 fxg5 27. Rh8+ Kf7 28. Ne6 Nxe6 29. dxe6+ (29. Rh7 $18) 29... Bxe6
30. Bxe6+ Kxe6 31. Qh3+ Kf6 32. Rh7 Qg8 33. f4 $18) 26... Bxe6 27. dxe6 fxg5
28. Qxg5 $18) 24. Rg1 fxg5 25. Rxg5 Nf6 26. e5 $1 N6h7 (26... dxe5 27. d6+ e6
28. Nfd3 $18) 27. Rg1 Bf5 28. e6 Qd4 $2 (28... a4 29. Nh5 Qe5 30. Nd3 Bxd3 31.
cxd3 a3 32. d4 Qf5+ 33. Bd3 Qxd5 34. Nf4 $40) 29. Nxg6 $3 Qxg1 (29... Qxd2 30.
Nxe7+ Kh8 31. Rg8#) 30. Nxe7+ Kh8 31. Nxf5 Rc7 32. Rg4 Qh1 33. Qf4 Qe1 (33...
a4 34. Nxd6 a3 35. Qe5+) 34. Nxd6 a4 35. Nf7+ Rxf7 36. Qxf7 {Yudasin} 1-0

[Event "FIDE-Wch k.o."]
[Site "Groningen"]
[Date "1997.12.19"]
[Round "4.4"]
[White "Short, Nigel D"]
[Black "Beliavsky, Alexander G"]
[Result "1-0"]
[WhiteElo "2660"]
[BlackElo "2710"]
[Annotator "Yudasin,L"]
[PlyCount "83"]
[EventDate "1997.12.09"]
[EventType "k.o."]
[EventRounds "7"]
[EventCountry "NED"]
[SourceTitle "CBM 063"]
[Source "ChessBase"]
[SourceDate "1998.03.26"]
[SourceVersion "1"]
[SourceVersionDate "1998.03.26"]
[SourceQuality "1"]

1. e4 d6 2. d4 Nf6 3. Nc3 g6 4. Be3 Bg7 5. Qd2 Ng4 6. Bg5 h6 7. Bh4 Nf6 (7...
Nc6 8. Nf3 Nf6 9. h3 Nh5 10. g4 g5 $13) 8. f4 b6 $6 (8... c6 9. e5 dxe5 10.
fxe5 Nd5 11. O-O-O $14) 9. O-O-O (9. e5 $5 dxe5 10. fxe5 Nd5 11. Nxd5 Qxd5 12.
Be2 Nc6 13. Bf3 Qd7 $13) 9... Bb7 10. e5 dxe5 11. fxe5 Nd5 12. Nf3 O-O 13. Bc4
Qd7 $2 (13... Nxc3 14. Qxc3 {[%cal Gd4d5,Ge5e6] /\d5,/\e6}) (13... c6 14. Rhe1
$16) 14. Rhe1 e6 (14... Nxc3 15. Qxc3 (15. e6 $1) 15... e6) 15. Ne4 $16 Qc6 (
15... Nc6 16. Nf6+ Bxf6 17. exf6 Kh7 18. Ne5 Nxe5 19. Rxe5 {[%cal Re5h5] /\Rh5,
Bd3,Qh6}) 16. Bxd5 $1 (16. Bb3 $16) 16... exd5 (16... Qxd5 17. Nf6+ Bxf6 18.
Bxf6 Kh7 19. Ng5+ Kg8 20. Ne4 Kh7 21. Be7 Qxa2 22. Nf6+ Kg7 23. Bxf8+ Kxf8 24.
Qxh6+ Ke7 25. Qh4 $18) 17. Nf6+ Kh8 18. Bg5 $1 $18 Nd7 (18... hxg5 19. Qxg5
Bxf6 20. exf6 Kg8 21. Ne5 Qd6 22. Nxg6) 19. Nxd7 Qxd7 20. Bxh6 c5 21. Qg5 (21.
Qf4) 21... Qd8 (21... Qf5 22. Bxg7+ Kxg7 23. Qxf5 $18) 22. Qf4 Kg8 23. h4 Rc8
24. h5 cxd4 25. Rxd4 (25. Nxd4 $18 Bxh6 26. Qxh6 Qh4) 25... Rc6 26. Bxg7 Kxg7
27. Rh1 Bc8 28. hxg6 Rxg6 29. Nh4 Rh8 (29... Rg4 30. Nf5+ Bxf5 31. Qh6+) 30.
Rf1 Rxh4 31. Qxh4 Qxh4 32. Rxh4 Rxg2 33. Rhf4 Be6 34. R4f2 Rg5 35. Re1 Kf8 36.
Kd2 Ke7 37. Kc3 Bf5 38. Ref1 Bg6 39. Kd4 Rg4+ 40. Rf4 Rg2 41. R1f2 Rg1 42. Kxd5
1-0

[Event "FRA-ch"]
[Site "Meribel"]
[Date "1998.08.25"]
[Round "12"]
[White "Chabanon, Jean Luc"]
[Black "Bauer, Christian"]
[Result "1-0"]
[WhiteElo "2490"]
[BlackElo "2490"]
[Annotator "Yudasin,L"]
[PlyCount "137"]
[EventDate "1998.08.14"]
[EventType "tourn"]
[EventRounds "15"]
[EventCountry "FRA"]
[EventCategory "10"]
[SourceTitle "CBM 067"]
[Source "ChessBase"]
[SourceDate "1998.11.30"]
[SourceVersion "2"]
[SourceVersionDate "1998.11.01"]
[SourceQuality "1"]

1. d4 d6 2. e4 Nf6 3. Nc3 c6 4. f4 Qa5 (4... Qb6) 5. Bd3 (5. Qd3 d5 6. e5 Ne4)
5... e5 (5... d5 6. e5 Ne4 7. Bxe4 dxe4 8. Nge2 $16) 6. Nf3 Bg4 7. Be3 Nbd7 (
7... Qb4 8. a3 Qxb2 $4 9. Na4) (7... Qb6 8. Qd2 (8. Ne2 Qxb2 (8... Bxf3 9. gxf3
exf4 10. Bxf4 Qxb2 11. Rb1 Qxa2 12. Rxb7 $146) 9. Rb1 Qxa2 10. fxe5 Bxf3 11.
exf6 Bxe2 12. Bxe2 $146) 8... exf4 9. Bxf4 Bxf3 10. gxf3 Qxd4 11. O-O-O $146)
8. O-O Be7 (8... Qb6 9. Na4 Qa5 10. c4) 9. h3 Bxf3 10. Qxf3 O-O (10... Qb4 11.
a3) (10... exd4 11. Bxd4 Qb4 12. Ne2) 11. Ne2 Rfe8 12. c3 $36 c5 $5 13. dxe5
dxe5 14. Bc4 $5 (14. f5 h6 15. g4 Nh7 16. Qg3 Qd8 17. Bf2 {/\Rad1,Kh1,h4,
Ng1-f3+/-}) 14... Bf8 (14... b5 $1 15. Bxf7+ Kxf7 16. fxe5 Nxe5 17. Qh5+ Ng6
18. e5 $36) 15. Ng3 (15. f5 Qa4 16. b3 Qc6 17. Ng3 b5 $132) 15... Nb6 $6 (15...
exf4 16. Bxf4 Ne5 17. Bxe5 Rxe5 18. Nh5 $5 Rxh5 (18... Be7 19. Nxg7 Kxg7 20.
Qg3+) 19. Bxf7+ Kxf7 20. Qxh5+ Kg8 21. Qf5 Kh8 22. e5 Ng8 23. Qf7 Qb6 $13) 16.
fxe5 Rxe5 17. Be2 Nbd7 18. Rad1 $1 {/\Rd7} Qxa2 19. Bb5 Qe6 $6 (19... Nb6 20.
Bf4 Re6 21. e5 Nfd5 22. Bg5 f6 23. exf6 Nxf6 24. Nh5 $40 (24. Bd3)) 20. Bf4 Nb6
(20... a6 21. Bxd7 Nxd7 22. Rxd7) 21. Bxe5 Qxe5 22. Qf4 $16 Qxf4 23. Rxf4 c4
24. e5 Nfd5 25. Re4 a6 26. Bd7 $1 (26. Bxc4 $2 Nxc4 $4 (26... Bc5+ 27. Kh2 Ne3)
27. Rxd5 Nxb2 28. Rd2 Ba3 29. Nf5 $18) 26... g6 27. e6 (27. Bg4 Bc5+ 28. Kh2
Ne3 29. Rd2 Nxg4+ 30. Rxg4 Re8 $132) 27... f5 28. Re5 Nf6 (28... Bd6 29. Rexd5
Nxd5 30. Rxd5 Bxg3 31. e7) 29. Nf1 (29. Ne2 Rd8 30. e7 Rxd7 31. Rxd7 Nbxd7 32.
exf8=Q+ Kxf8 $13) 29... Be7 (29... Rd8 30. Ne3 (30. Ba4 $1 $16) 30... Nfxd7 31.
exd7 Rxd7 $132) 30. Ne3 h5 (30... Rd8 31. g4 f4 32. g5 $18) 31. Rd4 (31. g4
hxg4 32. hxg4 fxg4) 31... Rd8 32. Nxc4 Nxc4 33. Rxc4 Nxd7 34. exd7 Rxd7 $16 35.
Rd4 Rc7 (35... Rxd4 36. cxd4 Bf6 37. Rd5 b5 (37... Kf7 38. Rd7+ Ke6 39. Rxb7
Bxd4+ 40. Kf1 $18) 38. Kf2 Kf7 39. Ke3 Ke6 40. Rc5 Kd6 41. Rc8 Kd5 42. Kd3) 36.
Rdd5 Kf7 37. Kf2 h4 38. Ke2 Bf6 39. Re3 b5 $2 {Only gifs weakness.Better to
stay} (39... Be7) (39... Bg5 40. Red3 Ke7 41. Rd6 Bf6 42. Rb6) (39... Be7 $1
40. Rde5 Bg5 41. Rd3 Be7) 40. Kd3 Bg5 41. Re2 Be7 42. Re1 Kf6 (42... b4 43. Ra1
Rc6 44. c4 Bc5 45. Ra5 Bg1 46. c5 Ke6 47. Rd6+ Rxd6+ 48. cxd6 Kxd6 (48... Bh2
49. Rxa6 Bxd6 50. Kd4 g5 51. Rb6 g4 52. Ra6 g3 53. Rb6 f4 54. Ke4 Kd7 55. Rb5
$18) 49. Rxa6+) (42... Bf6 43. Rd6) (42... Bf8 43. Ra1 Rc6 44. Rd7+ Ke6 45. Ra7
) 43. Rde5 Kf7 44. Re6 Rd7+ (44... a5 45. Ra6 a4 46. Ree6 g5 47. Rh6 Kg7 48.
Rag6+ Kf7 49. Rb6 Rd7+ 50. Kc2 Rd5 51. Rh7+ Kf8 52. Rb8+ Bd8 53. Rhb7) 45. Kc2
Bd6 46. R6e2 {/\Rd1,Rd2} Bf4 47. Rd1 Rb7 48. Kb3 {/\Kb4-a5[c5]} a5 $18 49. Rd8
Bg5 50. Rh8 (50. Ra8 a4+ 51. Kb4 Be7+ 52. Ka5 a3 53. bxa3 Bxa3 54. Ka6 Rc7 55.
Ra7) 50... Kg7 $6 (50... Bf6 51. Ra8 a4+ 52. Kb4 g5 (52... Be7+ 53. Ka5 {
-50.Ra8}) 53. Kc5 $18) 51. Ra8 a4+ 52. Kb4 Be7+ (52... Bf6 53. Kc5) 53. Ka5 a3
(53... Bc5 54. Re5) 54. bxa3 Bxa3 55. Ka6 Rc7 56. Ra7 Rxa7+ 57. Kxa7 g5 (57...
b4 58. Ra2 $1 $18 (58. c4 b3 59. Kb6 b2 (59... Bc1 60. Re5 b2 61. Rb5 Be3+ 62.
c5 Bd4 63. Kc6) 60. Re1 Bb4 61. Rb1 Bc3 62. c5 Bd4 63. Kb5 Kf6 64. c6 Ke6 65.
Ka6 $18)) 58. Kb6 b4 59. Ra2 $1 (59. c4 b3 60. Re3 $2 (60. c5 Bc1 61. c6 b2 62.
Rxb2 $18) 60... b2 61. Rb3 g4 62. c5 gxh3 63. gxh3 f4 64. c6 f3 65. c7 f2 66.
c8=Q f1=Q $13) 59... Kf6 60. Kc5 g4 61. cxb4 Bc1 62. Kd4 Kg5 63. b5 Kf4 64.
Rf2+ $1 Kg3 65. Rxf5 Kxg2 66. b6 Ba3 (66... gxh3 67. b7 h2 68. b8=Q h1=Q 69.
Qb7+ Kh2 70. Rf2+ Kg1 71. Rf1+) (66... Bb2+ 67. Kd5 gxh3 68. b7 h2 69. b8=Q
h1=Q 70. Qxb2+) 67. b7 Bd6 68. hxg4 h3 69. Rh5 {/\Rh~~,g5 Yudasin} 1-0